000 00727nam a22002297a 4500
999 _c9055
_d9055
003 AR-CdUCM
008 190327b ||||| |||| 00| 0 spa d
020 _a978-968-16-7375-8
040 _aMUNICIPALIDAD PROVINCIAL DEL CUSCO
_cBIBLIOTECA MUNICIPAL DEL CUSCO
082 _aPI-0021 /
_bBRO / mam
100 _aBrowne, Anthony
_925011
245 _aMi mamá /
260 _aMalasia :
_bFondo de Cultura Económica,
_c2014.
300 _bIlustraciones a color,
_c27 cm.
500 _aTítulo original: My mum
650 _aCuento infantil
_925028
650 _aCuento infantil de Estados Unidos
_925029
650 _aSiglo XX
_98
700 _aSierra, Juan Camilo (Traductor)
_925030
942 _2ddc
_cLIBROS
945 _araen